[Event "Sochi (Women)"]
[Site "Sochi"]
[Date "1988.09.14"]
[Round "13"]
[White "Rubzova, Tatiana"]
[Black "Lubarskaya, Ludmila A"]
[Result "1-0"]
[WhiteElo "2165"]
[BlackElo "2155"]
[PlyCount "77"]
[EventDate "1988.09.02"]
[EventType "tourn"]
[EventRounds "13"]
[EventCountry "URS"]
[EventCategory "1"]
[SourceTitle "EXT 2002"]
[Source "ChessBase"]
[SourceDate "2001.11.25"]
[SourceVersion "1"]
[SourceVersionDate "2001.11.25"]
[SourceQuality "1"]

1. d4 e6 2. e4 d5 3. Nd2 dxe4 4. Nxe4 Nd7 5. c4 Ngf6 6. Nc3 Be7 7. Nf3 0-0 8. Be2 c5 9. 0-0 cxd4 10. Nxd4 Ne5 11. Bf4 Ng6 12. Be3 Bc5 13. Na4 Bxd4 14. Bxd4 e5 15. Be3 Qxd1 16. Rfxd1 Bd7 17. Nc3 Bc6 18. b4 Nf4 19. Bf1 a6 20. a4 Ne6 21. b5 axb5 22. cxb5 Be4 23. f3 Bg6 24. a5 Rfc8 25. Nd5 Nxd5 26. Rxd5 e4 27. a6 bxa6 28. b6 Rc3 29. Rxa6 Rb8 30. Kf2 exf3 31. gxf3 Rc2+ 32. Rd2 Rxd2+ 33. Bxd2 Nc5 34. Ra7 h6 35. Be3 Ne6 36. b7 Nd8 37. Ba6 Nc6 38. Ra8 Kh7 39. Bf4 1-0

[Event "Sochi (Women)"]
[Site "Sochi"]
[Date "1988.09.13"]
[Round "12"]
[White "Lubarskaya, Ludmila A"]
[Black "Pomyjova Chmielova, Hana"]
[Result "1/2-1/2"]
[WhiteElo "2155"]
[BlackElo "2130"]
[PlyCount "132"]
[EventDate "1988.09.02"]
[EventType "tourn"]
[EventRounds "13"]
[EventCountry "URS"]
[EventCategory "1"]
[SourceTitle "EXT 2002"]
[Source "ChessBase"]
[SourceDate "2001.11.25"]
[SourceVersion "1"]
[SourceVersionDate "2001.11.25"]
[SourceQuality "1"]

1. e4 c5 2. Nc3 Nc6 3. f4 g6 4. Nf3 Bg7 5. Bb5 a6 6. Bxc6 dxc6 7. d3 Nf6 8. 0-0 0-0 9. Qe1 Ne8 10. Be3 b6 11. Rd1 Nd6 12. f5 e5 13. fxg6 fxg6 14. Bg5 Qc7 15. Qh4 Nf7 16. Bf6 Bxf6 17. Qxf6 Bg4 18. Qh4 Bxf3 19. Rxf3 Qd8 20. Qxd8 Nxd8 21. Rxf8+ Kxf8 22. Rf1+ Ke7 23. Nd1 b5 24. Ne3 h5 25. g4 Ne6 26. gxh5 gxh5 27. Rf5 Rg8+ 28. Kf2 Rg5 29. Rxg5 Nxg5 30. Kg3 Kf6 31. Nf5 Ne6 32. Kh4 Nf4 33. Nd6 Kg6 34. Nb7 Ne6 35. Kg3 Kg5 36. c3 h4+ 37. Kf3 Kh5 38. Ke3 Kg4 39. Na5 Nd8 40. Kf2 Kf4 41. c4 Ne6 42. b3 Nd4 43. Nb7 h3 44. Nxc5 Nf3 45. Ne6+ Kg4 46. Nd8 bxc4 47. bxc4 Nxh2 48. Nxc6 Kf4 49. Ne7 Ng4+ 50. Kg1 Kf3 51. Nf5 h2+ 52. Kh1 Nf2+ 53. Kxh2 Nxd3 54. Nd6 Nc5 55. a3 Nxe4 56. Nb7 Nc3 57. Kg1 Ke3 58. Nc5 a5 59. Kf1 Ne4 60. Nb7 Nd2+ 61. Ke1 Nxc4 62. a4 Kd3 63. Kf2 e4 64. Nc5+ Kd4 65. Nb3+ Kc3 66. Nxa5 Nxa5 1/2-1/2

[Event "Sochi (Women)"]
[Site "Sochi"]
[Date "1988.09.11"]
[Round "10"]
[White "Lubarskaya, Ludmila A"]
[Black "Sikora Gizynska, Bozena"]
[Result "1/2-1/2"]
[WhiteElo "2155"]
[BlackElo "2260"]
[PlyCount "39"]
[EventDate "1988.09.02"]
[EventType "tourn"]
[EventRounds "13"]
[EventCountry "URS"]
[EventCategory "1"]
[SourceTitle "EXT 2002"]
[Source "ChessBase"]
[SourceDate "2001.11.25"]
[SourceVersion "1"]
[SourceVersionDate "2001.11.25"]
[SourceQuality "1"]

1. e4 c5 2. Nc3 Nc6 3. f4 g6 4. Nf3 Bg7 5. Bb5 Nd4 6. a4 e6 7. e5 a6 8. Bc4 d5 9. exd6 Qxd6 10. d3 Ne7 11. Ne4 Qc7 12. c3 Ndf5 13. 0-0 Nd5 14. Qe1 0-0 15. a5 b5 16. axb6 Nxb6 17. Ne5 Nd6 18. Nxd6 Qxd6 19. Qg3 Bb7 20. Be3 1/2-1/2

[Event "Sochi (Women)"]
[Site "Sochi"]
[Date "1988.09.03"]
[Round "2"]
[White "Lubarskaya, Ludmila A"]
[Black "Sosnowska, Elzbieta"]
[Result "1-0"]
[WhiteElo "2155"]
[BlackElo "2170"]
[PlyCount "103"]
[EventDate "1988.09.02"]
[EventType "tourn"]
[EventRounds "13"]
[EventCountry "URS"]
[EventCategory "1"]
[SourceTitle "EXT 2002"]
[Source "ChessBase"]
[SourceDate "2001.11.25"]
[SourceVersion "1"]
[SourceVersionDate "2001.11.25"]
[SourceQuality "1"]

1. e4 e5 2. Nf3 Nf6 3. Nxe5 d6 4. Nf3 Nxe4 5. Nc3 Nxc3 6. dxc3 Be7 7. Bf4 0-0 8. Qd2 Nc6 9. Bd3 Bf6 10. 0-0-0 a5 11. h3 Be6 12. a3 Ne5 13. Bxe5 Bxe5 14. Nxe5 dxe5 15. Qe3 Qf6 16. Rhe1 c6 17. f3 Qf4 18. Qxf4 exf4 19. Re4 g5 20. Re5 h6 21. h4 g4 22. Re4 Bf5 23. Rxf4 Bxd3 24. Rxg4+ Bg6 25. h5 Rad8 26. hxg6 Rxd1+ 27. Kxd1 f5 28. Rd4 Rf6 29. Ke2 Rxg6 30. Kf2 b6 31. c4 c5 32. Rd7 Kf8 33. b3 Ke8 34. Rd5 Rf6 35. c3 Ke7 36. b4 cxb4 37. cxb4 axb4 38. axb4 Rc6 39. Rd4 Ke6 40. Ke3 Ke5 41. Rd5+ Ke6 42. Kd4 h5 43. b5 Rc8 44. c5 bxc5+ 45. Rxc5 Rd8+ 46. Kc4 Rg8 47. b6 Rxg2 48. b7 Rc2+ 49. Kb5 Rb2+ 50. Kc6 Rb3 51. Rb5 Rc3+ 52. Kb6 1-0

[Event "Novosibirsk Revolution 60 (Women)"]
[Site "Novosibirsk"]
[Date "1977.07.??"]
[Round "?"]
[White "Lubarskaya, Ludmila A"]
[Black "Csonkics, Tunde"]
[Result "1-0"]
[WhiteElo "2170"]
[BlackElo "2030"]
[PlyCount "47"]
[EventDate "1977.07.05"]
[EventType "tourn"]
[EventRounds "15"]
[EventCountry "URS"]
[SourceTitle "EXT 2010"]
[Source "ChessBase"]
[SourceDate "2010.11.25"]
[SourceVersion "1"]
[SourceVersionDate "2010.11.25"]
[SourceQuality "1"]

1. e4 c5 2. Nc3 d6 3. f4 Nc6 4. Bb5 e6 5. Bxc6+ bxc6 6. d3 Nf6 7. Nf3 Be7 8. 0-0 e5 9. fxe5 dxe5 10. Kh1 Bg4 11. Qe1 Nd7 12. Qg3 Bxf3 13. Rxf3 Bf6 14. Be3 Qa5 15. Raf1 Qb4 16. Bc1 c4 17. a3 Qe7 18. dxc4 Nc5 19. b4 Ne6 20. b5 Nd4 21. Rd3 Rc8 22. bxc6 Nxc6 23. Nd5 Qe6 24. Rxf6 1-0